Religion by Letter - M - Statistics

General Stats
  • This quiz has been taken 246 times
  • The average score is 15 of 20
Answer Stats
Hint Answer % Correct
Mother of Jesus Mary
98%
Founder of Islam Muhammad
98%
Islam's holiest cities Mecca
97%
He led the Jews away from Egypt Moses
95%
Islamic place of worship Mosque
93%
Latter Day Saint members Mormons
90%
Male version of a nun Monk
89%
Belief that there is only one god Monotheism
88%
Islam's holiest cities Medina
84%
Roman "god of war" Mars
83%
Civilization that worshiped Quetzalcoatl Mayans
81%
He called religion "the opium of the people" Karl Marx
74%
Hanukkah candelabrum Menorah
66%
Tower of the above from which the call to prayer is made Minaret
64%
Protestant denomination founded by John Wesley Methodism
59%
Jewish way of saying "congratulations" Mazel Tov
58%
Biblical man who lived 969 years Methuselah
55%
Self-proclaimed religious messiah who died in 2012 Sun Myung {Moon}
52%
Buddhist branch with the most followers Mahayana
27%
Anabaptist members Mennonites
27%
No matching quizzes found
Score Distribution
Percent of People with Each Score
Percentile by Number Answered
Your Score History
You have not taken this quiz